000
00333nam a22001577a 4500
003
SGT
020
_a
978-81-317-2140-7
082
_a
532
_b
DOU
100
_a
DOUGLAS,JOHN.F
245
_a
FLUID MECHANICS
250
_a
5TH
260
_a
NOIDA(U.P)
_b
PEARSON
_c
2009
300
_a
958
650
_a
CIVIL ENGINEERING
942
_2
ddc
_c
BK
999
_c
14360
_d
14360